| 000 | 01185njm a2200277 i 4500 | ||
|---|---|---|---|
| 001 | 4894 | ||
| 003 | ES-MaACL | ||
| 005 | 20240604200020.0 | ||
| 007 | s|r||||||||||| | ||
| 008 | 070821s1980 sp ||| g ||||||||1|nspa d | ||
| 100 | 1 |
_aAndújar, Manuel, _d1913-1994 _9158299 |
|
| 245 | 1 | 0 |
_aLectura y comentario de cuentos propios [ _hGrabación sonora] / _cintervienen Manuel Andújar y Antonio Pereira. |
| 260 |
_aMadrid : _bAteneo de Madrid, _c1980. |
||
| 300 |
_a2 discos (CD-DA) (1 h. 21 min. 47 seg.) ; _c12 cm. |
||
| 490 | 1 | _aCuentistas españoles contemporáneos | |
| 500 | _aDatos basados en la invitación. | ||
| 518 | _aActo organizado por el Aula de Literatura del Ateneo de Madrid, grabado en la sala de conferencias el lunes 9 de junio de 1980, a las 20:00 h. | ||
| 610 | 2 | 4 |
_aAteneo de Madrid- _xActos culturales- _y1980- _vGrabaciones sonoras. _91891 |
| 700 | 1 |
_aPereira, Antonio. _990463 |
|
| 710 | 2 |
_aAteneo de Madrid. _bAula de Literatura. _91943 |
|
| 830 | 0 |
_aCuentistas españoles contemporáneos _9177197 |
|
| 852 |
_aES-MaACL _cROT _jROT 4/3/29 _95011 |
||
| 852 |
_aES-MaACL _cROT _jROT 4/3/30 _9203109 |
||
| 942 |
_2udc _cCDROM |
||
| 999 |
_c4894 _d4894 |
||